| 000 | 00678cam a22002293a 4500 | ||
|---|---|---|---|
| 001 | 12474 | ||
| 003 | PGUSA | ||
| 005 | 20140828083252.0 | ||
| 008 | 040501s2004||||xxu|||||s|||||000 | eng d | ||
| 040 |
_aPGUSA _beng |
||
| 042 | _adc | ||
| 050 | 4 | _aPE | |
| 100 | 1 |
_aBierce, Ambrose, _d1842-1913 |
|
| 245 | 1 | 0 |
_aWrite It Right : _bA Little Blacklist of Literary Faults _h[electronic resource] / _cAmbrose Bierce |
| 260 |
_bProject Gutenberg, _c2004 |
||
| 506 | _aPublic domain in the USA. | ||
| 516 | _aElectronic text | ||
| 653 | _aEnglish language -- Errors of usage | ||
| 830 | 0 |
_aProject Gutenberg _v12474 |
|
| 856 | 4 | 0 | _uhttp://www.gutenberg.org/ebooks/12474 |
| 942 | _cEB | ||
| 999 |
_c241729 _d241729 |
||